| 000 | 00373nam a2200145Ia 4500 | ||
|---|---|---|---|
| 008 | 230917s9999||||xx |||||||||||||| ||und|| | ||
| 040 |
_e41011 _aMAIN |
||
| 041 | _aEnglish | ||
| 082 | _a813.09 S23I | ||
| 100 | _aSharma, R K | ||
| 245 | 0 | _aIsolation and protest: A case study of J P Donaleavy's fiction | |
| 260 |
_aDelhi _bAjanta _c1983 |
||
| 300 | _a182 p. | ||
| 942 | _cBK | ||
| 999 |
_c39767 _d39767 |
||